000 00582nam a2200169 a 4500
001 000045324
005 20201002050050.0
008 150303s2014 dr a 000 0 spa d
040 _aDO-SdBNP
_bspa
_cBNPHU
082 _axxxxxxxxx
_bxxxxxxxxx
100 1 _aGalán Santana, Junior Rafael,
_d1980-
_970309
245 1 3 _aEl Libro Supremo de la Numerologia /
_cJunior Rafael Galán Santana.
250 _a2a ed.
260 _aSantiago, República Dominicana :
_b[s.n.] ;,
_c2014.
300 _a23 p. :
_bil. ;
_c21 cm.
500 _aIncluye datos biográficos del autor en la contracubierta
999 _c44813
_d44813